| 000 | 00671nam a22002297a 4500 | ||
|---|---|---|---|
| 942 | _cBK | ||
| 999 |
_c580 _d580 |
||
| 005 | 20250420134817.0 | ||
| 008 | 200810b ||||| |||| 00| 0 eng d | ||
| 020 | _a9781292024998 | ||
| 040 | _cKCST | ||
| 082 |
_a519.5 _bHo In |
||
| 100 |
_aHogg, Robert V. _94975 |
||
| 245 |
_aIntroduction to mathematical statistics / _cRobert V Hogg; Allen T Craig; Joseph W McKean |
||
| 250 |
_a7th edition _bPearson new int. edition. |
||
| 260 |
_aHarlow: _bPearson, _c2014. |
||
| 300 | _a649 p. | ||
| 650 |
_aMathematical statistics. _91389 |
||
| 650 |
_aStatistics. _94976 |
||
| 700 |
_aMcKean, Joeseph _94977 |
||
| 700 |
_aCraig, Allen T. _94978 |
||
| 942 | _2ddc | ||